Введение в право ВТО (Запись № 10750554)

Подробности
000 -МАРКЕР
контрольное поле 01486nam0a2200349 i 4500
001 - ИДЕНТИФИКАТОР ЗАПИСИ
контрольное поле RU\NLR\BIBL_A\010352183
005 - ИДЕНТИФИКАТОР ВЕРСИИ
контрольное поле 20240921165201.0
010 ## - МЕЖДУНАРОДНЫЙ СТАНДАРТНЫЙ НОМЕР КНИГИ (ISBN)
Номер (ISBN) 9785392131471
Тираж 300
021 ## - НОМЕР ГОСУДАРСТВЕННОЙ РЕГИСТРАЦИИ
Код страны российская федерация
Номер 2014-15889
Номер Листа государственной регистраци 1017
035 ## - ДРУГИЕ СИСТЕМНЫЕ НОМЕРА
Идентификатор записи (NILC)RuMoRGB-006758699
035 ## - ДРУГИЕ СИСТЕМНЫЕ НОМЕРА
Идентификатор записи (NLR Aleph) 010352183
100 ## - ДАННЫЕ ОБЩЕЙ ОБРАБОТКИ
Данные общей обработки 20140430d2014 um y0rusy50 ca
101 0# - ЯЗЫК РЕСУРСА
Язык текста, звукозаписи и т.д. русский
102 ## - СТРАНА ПУБЛИКАЦИИ ИЛИ ПРОИЗВОДСТВА
Страна публикации российская федерация
105 ## - ПОЛЕ КОДИРОВАННЫХ ДАННЫХ: ТЕКСТОВЫЕ МАТЕРИАЛЫ, МОНОГРАФИЧЕСКИЕ
Кодированные данные о монографическом текстовом документе y|||j||||01yy
200 1# - ЗАГЛАВИЕ И СВЕДЕНИЯ ОБ ОТВЕТСТВЕННОСТИ
Основное заглавие Введение в право ВТО
Сведения, относящиеся к заглавию курс антидемпингового регулирования
-- учебное пособие
Первые сведения об ответственности Р. А. Шепенко
210 ## - ПУБЛИКАЦИЯ, РАСПРОСТРАНЕНИЕ И ДР.
Место издания, распространения и т.д. Москва
Имя издателя, распространителя и т. д. Проспект
Дата издания, распространения и т.д. 2014
215 ## - ФИЗИЧЕСКАЯ ХАРАКТЕРИСТИКА
Специфическое обозначение материала и объем 214, [1] с.
Размеры 22
300 ## - ОБЩИЕ ПРИМЕЧАНИЯ
Текст примечания В конце кн. авт.: Шепенко Р. А., проф., д. ю. н.
320 ## - ПРИМЕЧАНИЯ О НАЛИЧИИ В ДОКУМЕНТЕ БИБЛИОГРАФИИ / УКАЗАТЕЛЯ
Текст примечания Библиогр.: с. 192-203 (251 назв.) и в подстроч. примеч.
320 ## - ПРИМЕЧАНИЯ О НАЛИЧИИ В ДОКУМЕНТЕ БИБЛИОГРАФИИ / УКАЗАТЕЛЯ
Текст примечания Др. произведения авт. в конце кн.
606 1# - НАИМЕНОВАНИЕ ТЕМЫ КАК ПРЕДМЕТ
Наименование темы Антидемпинг
Формальный подзаголовок Учебные издания для высших учебных заведений
Тематический подзаголовок Международно-правовые вопросы
Системный номер авторитетной/нормативной записи 2270201
Идентификатор авторитетной/нормативной записи RU\NLR\AUTH\661360720
675 ## - УНИВЕРСАЛЬНАЯ ДЕСЯТИЧНАЯ КЛАССИФИКАЦИЯ (UDC/УДК)
Индекс 339.5(075.8)
686 1# - ИНДЕКСЫ ДРУГИХ КЛАССИФИКАЦИЙ
Индекс Х916.1я73
700 #1 - ИМЯ ЛИЦА - ПЕРВИЧНАЯ ОТВЕТСТВЕННОСТЬ
Начальный элемент ввода Шепенко
Часть имени, кроме начального элемента ввода Р. А.
Расширение инициалов личного имени Роман Алексеевич
801 #0 - ИСТОЧНИК ЗАПИСИ
Страна российская федерация
Организация RuMoRKP
Дата составления 20140306
Правила каталогизации RCR
801 #2 - ИСТОЧНИК ЗАПИСИ
Страна российская федерация
Организация РГБ
Дата составления 20140401
Правила каталогизации rcr
942 ## - ДОПОЛНИТЕЛЬНЫЕ ЭЛЕМЕНТЫ ЗАПИСИ (АБИС)
Тип экземпляра АБИС Книга
980 ## - КОЛЛЕКЦИЯ
Название коллекции НБР

Нет доступных экземпляров.